Pacing delays - the practical effect (Record no. 64433)

MARC details
000 -LEADER
fixed length control field 00776cam a2200229 4500
001 - CONTROL NUMBER
control field ABS62677
008 - FIXED-LENGTH DATA ELEMENTS--GENERAL INFORMATION
fixed length control field 000000n2000 000 0 eng u
035 ## - SYSTEM CONTROL NUMBER
System control number (Sirsi) u107873
100 ## - MAIN ENTRY--PERSONAL NAME
Personal name Zack, J.
245 ## - TITLE STATEMENT
Title Pacing delays - the practical effect
260 ## - PUBLICATION, DISTRIBUTION, ETC.
Date of publication, distribution, etc. 2000
490 ## - SERIES STATEMENT
Series statement Cost Engineering
Volume/sequential designation 42(7) July 2000, 23-28(6)
520 ## - SUMMARY, ETC.
Summary, etc. Identifies, defines and discusses pacing delays, a new 'type of delay' in contract claims in the United States. Considers how they affect the contractor's right of recovery of delay damages.
590 ## - LOCAL NOTE (RLIN)
Local note ABS
650 ## - SUBJECT ADDED ENTRY--TOPICAL TERM
Topical term or geographic name entry element DELAYS
650 ## - SUBJECT ADDED ENTRY--TOPICAL TERM
Topical term or geographic name entry element PACING DELAY
650 ## - SUBJECT ADDED ENTRY--TOPICAL TERM
Topical term or geographic name entry element CONTRACT CLAIMS
650 ## - SUBJECT ADDED ENTRY--TOPICAL TERM
Topical term or geographic name entry element NON-EXCUSABLE DELAY
650 ## - SUBJECT ADDED ENTRY--TOPICAL TERM
Topical term or geographic name entry element EXCUSABLE DELAY
690 ## - LOCAL SUBJECT ADDED ENTRY--TOPICAL TERM (OCLC, RLIN)
Topical term or geographic name as entry element BUILT ENVIRONMENT-BUILDING CONTRACT FORMS
942 ## - ADDED ENTRY ELEMENTS (KOHA)
Suppress in OPAC 0
Holdings
Withdrawn status Lost status Source of classification or shelving scheme Damaged status Not for loan Home library Current library Shelving location Date acquired Total Checkouts Full call number Barcode Date last seen Copy number Price effective from Koha item type
    Dewey Decimal Classification     London London Journal article 18/08/2000   ABS62677 107873-1001 06/08/2019 1 06/08/2019 Journal article